Statistics for Countries with different IOC and ISO country codes

Click here to take the quiz!

General Stats

  • This quiz has been taken 54 times
    (13 since last reset)
  • The average score is 66 of 85

Answer Stats

IOC CodeISO codeAnswer% Correct
ALGDZAAlgeria
100%
ANGAGOAngola
100%
ANTATGAntigua and Barbuda
91%
BRNBHRBahrain
91%
BHUBTNBhutan
91%
BRUBRNBrunei
91%
BULBGRBulgaria
91%
CHICHLChile
91%
DENDNKDenmark
91%
FIJFJIFiji
91%
GERDEUGermany
91%
GUIGINGuinea
91%
HAIHTIHaiti
91%
HONHNDHonduras
91%
KUWKWTKuwait
91%
LATLVALatvia
91%
MGLMNGMongolia
91%
NEPNPLNepal
91%
NEDNLDNetherlands
91%
NIGNERNiger
91%
OMAOMNOman
91%
SLOSVNSlovenia
91%
SRILKASri Lanka
91%
SUDSDNSudan
91%
TANTZATanzania
91%
TOGTGOTogo
91%
BANBGDBangladesh
82%
BIZBLZBelize
82%
BOTBWABotswana
82%
CAMKHMCambodia
82%
CHATCDChad
82%
TPETWNChinese Taipei
82%
CGOCOGCongo
82%
CROHRVCroatia
82%
GAMGMBGambia
82%
GRNGRDGrenada
82%
GUAGTMGuatemala
82%
INAIDNIndonesia
82%
LESLSOLesotho
82%
LBALBYLibya
82%
MADMDGMadagascar
82%
MAWMWIMalawi
82%
MONMCOMonaco
82%
MYAMMRMyanmar
82%
NCANICNicaragua
82%
NGRNGANigeria
82%
PARPRYParaguay
82%
PHIPHLPhilippines
82%
KSASAUSaudi Arabia
82%
SEYSYCSeychelles
82%
RSAZAFSouth Africa
82%
TGATONTonga
82%
URUURYUruguay
82%
VIEVNMVietnam
82%
ZAMZMBZambia
82%
ZIMZWEZimbabwe
82%
ARUABWAruba
73%
BAHBHSBahamas
73%
BARBRBBarbados
73%
BERBMUBermuda
73%
CAYCYMCayman Islands
73%
GREGRCGreece
73%
IRIIRNIran
73%
LIBLBNLebanon
73%
PORPRTPortugal
73%
SUICHESwitzerland
73%
BURBFABurkina Faso
64%
GEQGNQEquatorial Guinea
64%
MTNMRTMauritania
64%
MRIMUSMauritius
64%
SAMWSMSamoa
64%
SOLSLBSolomon Islands
64%
UAEAREUnited Arab Emirates
64%
ISVVIRUS Virgin Islands
64%
VANVUTVanuatu
64%
ESASLVEl Salvador
55%
GBSGNBGuinea-Bissau
55%
MASMYSMalaysia
55%
CRCCRICosta Rica
45%
PLEPSEPalestine
45%
PURPRIPuerto Rico
45%
SKNKNASaint Kitts and Nevis
45%
ASAASMAmerican Samoa
36%
IVBVGBBritish Virgin Islands
36%
VINVCTSaint Vincent and the Grenadines
36%

Score Distribution

Percentile by Number Answered

Percent of People with Each Score

Your Score History

You have not taken this quiz since the last reset